| 000 | 00884cam a22001814a 4500 | ||
|---|---|---|---|
| 005 | 20250605164337.0 | ||
| 008 | 250528s ||||||||||||||||||||||||d | ||
| 035 | _a23496 | ||
| 040 |
_aGR-AtMCL _bgre _dGR-AtMCL _eAACR2 |
||
| 245 | 1 | _aIs Dramatic Play an Effective Way to Socialize Children who Have Difficulties in Socialization? | |
| 260 | _c2014 | ||
| 300 | _a46 | ||
| 520 | _aOutline of the Research, Review of Literature, What is Dramatic Play?, In What Ways Can Dramatic Play be Effective in the Educational Process?, The Relationship Between Dramatic Play and Socialization, Statement of Scope and Aims of the Study, Methodology, What is Quantitative Research?, The Present Study, Statement of Results, Analysis and Discussion, Summary and Conclusion, References, Appendices. | ||
| 700 | 1 |
_aKaragiorgou Maria _99068 |
|
| 942 | _cDS | ||
| 999 |
_c8506 _d8506 |
||